Zwycięzcy MŚWL (Ind.) Papież Cup - Statystyki

Ogólne statystyki
  • Ten quiz został rozwiązany 10 razy
    3 od ostatniego zresetowania
  • Średni wynik to 3 z 29
Statystyki odpowiedzi
Sezon Zwycięzca % Poprawnych
2074 Power
67%
2022 Alex2323
33%
2024 Alex2323
33%
2020 matius
33%
2036 Naruku
33%
2032 Olos
33%
2034 Olos
33%
2076 Tajkos
33%
2028 Bobert Szlafmyca
0%
2038 Bucu
0%
2042 Garwo
0%
2040 Kandos
0%
2060 Kandos
0%
2044 Kubys
0%
2058 Kubys
0%
2062 Kubys
0%
2046 matius
0%
2048 Mumin
0%
2072 Nioch
0%
2054 Pawlowsky
0%
2052 Primoz
0%
2064 Primoz
0%
2066 Primoz
0%
2068 Primoz
0%
2070 Primoz
0%
2050 Rysia
0%
2056 Rysia
0%
2026 Saachi
0%
2030 Vlad Saranović
0%
Nie znaleziono quizów pasujących do podanych kryteriów
Rozkład punktacji
Procent ludzi z każdym wynikiem
Percentyl według liczby udzielonych odpowiedzi
Twoja historia wyników
Nie rozwiązałeś tego quizu od ostatniego zresetowania